Gabinet de Relacions Internacionals : memòria de mandat : 1999-2002 / Gabinet de Relacions Internacionals. memòria de mandat :

Publicat: [Barcelona : Diputació de Barcelona, Xarxa de municipis , 2003
Descripció física: 75 p. : il. col., gràfics, quadres ; 30 cm

MARC

LEADER 00000nam a2200000Ia 4500
001 15823
008 160829s2003?] xx 000 0 cat d
080 |a M-4-332 
110 1 |a Barcelona (Catalunya : Província).  |b Gabinet de Relacions Internacionals  |9 13543 
245 |a Gabinet de Relacions Internacionals :  |b  memòria de mandat :  |b  1999-2002 / Gabinet de Relacions Internacionals. 
260 |a [Barcelona:  |b Diputació de Barcelona, Xarxa de municipis,  |c 2003?] 
300 |a 75 p. :  |b  il. col., gràfics, quadres ;  |c 30 cm 
650 |a Barcelona. Diputació. Gabinet de Relacions Internacionals  |x Memòries  |9 37167 
901 |a Arxiu 
942 |n 1 
952 |0 0  |1 0  |4 0  |6 M4332  |7 1  |9 47726  |a Arxiu  |b Arxiu  |d 2016-12-01  |l 0  |o M-4-332  |p 15823  |r 2016-12-01 00:00:00  |w 2016-12-01  |y ARXIU 
999 |c 51525  |d 51525